000 00344nam a2200145Ia 4500
008 230711s9999||||xx |||||||||||||| ||und||
041 _aENG
082 _a720
_bRI-F
100 _aRichards,Brian
245 0 _aFuture transport in cities
250 _a1st . Ed.
260 _c2001
_aNew Delhi
_bSpon Press
650 _aArchitecture
942 _cBK
999 _c4192
_d4192